Every James Bond - Statistics

General Stats
  • This quiz has been taken 29 times
  • The average score is 5 of 6
Answer Stats
Picture Answer % Correct
Sean Connery
100%
Daniel Craig
96%
Roger Moore
96%
Pierce Brosnan
92%
Timothy Dalton
83%
George Lazenby
79%
No matching quizzes found
Score Distribution
Percent of People with Each Score
Percentile by Number Answered
Your Score History
You have not taken this quiz